Zlatý vek Sedmohradska

Historický román.

Podrobná bibliografia
Hlavný autor: Jókai, Mór, 1825-1904 (Autor)
Ďalší autori: Bašistová, Anna (Rozprávač-komentátor)
Médium: CD Zvuková nahrávka
Jazyk:slovenčina
maďarčina
PhysicalDescription:1 elektronický optický disk (CD-ROM) digitálny, mono, MP3 12cm
Vydavateľské údaje: Levoča Slovenská knižnica pre nevidiacich Mateja Hrebendu 2024
ISBN:9788018125571
Predmet:

MARC

LEADER 00000nim a2200000 a 4500
001 vtls012265956
003 SK-MaSNL
005 20260302063353.0
007 sd fsngnnmmnud
008 241024s2024 xo nnnnfs f n slo
015 |a SNBJ2025 
020 |a 9788018125571  |q (zvuková kniha) 
040 |a SNK  |b slo  |c SNK  |e AACR2 
041 1 |a slo  |h hun 
044 |a xo  |c SK 
080 |a (086.76)  |2 2001 
100 1 |a Jókai, Mór,  |d 1825-1904  |4 aut  |9 92996 
245 1 0 |a Zlatý vek Sedmohradska  |h elektronický zdroj  |c Mór Jókai ; číta: Anna Bašistová 
260 |a Levoča  |b Slovenská knižnica pre nevidiacich Mateja Hrebendu  |c 2024 
300 |a 1 elektronický optický disk (CD-ROM)  |b digitálny, mono, MP3  |c 12cm 
306 |a 120000 
520 8 |a Historický román. 
521 |a pre nevidiacich, slabozrakých a inak zdravotne postihnutých 
650 0 7 |a maďarská literatúra  |2 SNKPH  |9 1193 
655 7 |a zvukové záznamy  |2 SNKPH  |9 70720 
655 7 |a historické romány  |2 SNKPH  |9 70253 
655 7 |a CD-ROM  |2 SNKPH  |9 70236 
700 1 |a Bašistová, Anna  |4 nrt  |9 571653 
752 |a Slovensko  |d Levoča 
919 |a 978-80-18-12557-1 
999 |c 1132425  |d 1134355 
952 |a SNK  |b SNK  |y NEVYP  |7 1  |p 17A1579499  |o snkSCD 7498  |i snk2025/19311  |8 0  |0 0  |1 0  |4 0  |d 2025-11-28  |l 0  |r 2026-02-24 19:07:06  |w 2026-02-24